NLSUI OPAC header image

A course in game theory (Record no. 24552)

MARC details
000 -LEADER
fixed length control field 00398nam a2200157Ia 4500
008 - FIXED-LENGTH DATA ELEMENTS--GENERAL INFORMATION
fixed length control field 160316s1994 xxu||||| |||| 00| 0 eng d
082 ## - DEWEY DECIMAL CLASSIFICATION NUMBER
Classification number 658.400000
Item number OSB
100 ## - MAIN ENTRY--PERSONAL NAME
Personal name Osborne Martin J
245 ## - TITLE STATEMENT
Title A course in game theory
250 ## - EDITION STATEMENT
Edition statement
260 ## - PUBLICATION, DISTRIBUTION, ETC.
Place of publication, distribution, etc. Cambridge
Name of publisher, distributor, etc. The MIT Press
Date of publication, distribution, etc. 1994
300 ## - PHYSICAL DESCRIPTION
Extent 352p
Other physical details
Dimensions xi
365 ## - TRADE PRICE
Price amount Rs. 1,964
650 ## - SUBJECT ADDED ENTRY--TOPICAL TERM
Topical term or geographic name entry element 1. Game Thoery
700 ## - ADDED ENTRY--PERSONAL NAME
Personal name Rubinstein Ariel
--
Holdings
Withdrawn status Lost status Damaged status Not for loan Home library Current library Shelving location Date acquired Cost, normal purchase price Total Checkouts Full call number Barcode Date last seen Price effective from Koha item type
        . . NAB Compactor 30.05.2017 1964.00   658.4 OSB 22058 30.05.2017 30.05.2017 BOOKs